Ulrich's International Peridiocals Directory. vol 1 a - m
Guardat en:
| Autor corporatiu: | |
|---|---|
| Format: | Text |
| Publicat: |
Nueva York:
R.R. Bower Company
|
| Etiquetes: |
Afegir etiqueta
Sense etiquetes, Sigues el primer a etiquetar aquest registre!
|
MARC
| LEADER | 00000 a a2200000 04500 | ||
|---|---|---|---|
| 001 | 23345 | ||
| 003 | |||
| 040 | |||
| 020 | |a 0-8352-1825-2 | ||
| 090 | |a 161300 | ||
| 110 | |a R.R. Bowker Company | ||
| 245 | |a Ulrich's International Peridiocals Directory. vol 1 a - m | ||
| 260 | |a Nueva York: |b R.R. Bower Company | ||
| 300 | |a pp. 1-1338; vol. I | ||
| 999 | |c 16126 |d 16126 | ||



